[Event "Belgrade Trophy 34th"]
[Site "Belgrade"]
[Date "2020.11.30"]
[Round "7"]
[White "Stankovic, Boris"]
[Black "Novakovic, Aleksej"]
[Result "0-1"]
[WhiteElo "2088"]
[BlackElo "1893"]
[PlyCount "80"]
[EventDate "2020.11.24"]
[EventType "swiss"]
[EventRounds "9"]
[EventCountry "SRB"]
[SourceTitle "CBM 199 Extra"]
[Source "ChessBase"]
[SourceDate "2021.01.31"]
[SourceVersion "1"]
[SourceVersionDate "2021.01.31"]
[SourceQuality "1"]

1. e4 c5 2. Nf3 e6 3. c3 d5 4. exd5 exd5 5. d4 Nf6 6. Bg5 Be7 7. dxc5 Ne4 8. Be3 Nxc5 9. c4 Be6 10. Nc3 dxc4 11. Qxd8+ Kxd8 12. 0-0-0+ Kc8 13. Ne5 Nd3+ 14. Bxd3 cxd3 15. Rxd3 f6 16. Nf3 Nc6 17. Bf4 a6 18. Na4 Bd8 19. Re1 Bc4 20. Rxd8+ Kxd8 21. Nb6 Rc8 22. Rd1+ Ke7 23. Rd7+ Ke6 24. Rxb7 Bxa2 25. Kd2 Rcd8+ 26. Ke3 Rhe8 27. g4 g5 28. Bc7 Kf7+ 29. Ne5+ Kg8 30. Bxd8 Nxd8 31. Rb8 Rxe5+ 32. Kd3 Re8 33. b3 Bb1+ 34. Kc4 Kf7 35. Kd5 Be4+ 36. Kd6 Nb7+ 37. Kc7 Rxb8 38. Kxb8 Nc5 39. b4 Nd3 40. Nc4 Ke6 0-1

[Event "Belgrade Trophy 34th"]
[Site "Belgrade"]
[Date "2020.11.28"]
[Round "5"]
[White "Nedeljkovic, Dragan"]
[Black "Novakovic, Aleksej"]
[Result "0-1"]
[WhiteElo "2113"]
[BlackElo "1893"]
[PlyCount "98"]
[EventDate "2020.11.24"]
[EventType "swiss"]
[EventRounds "9"]
[EventCountry "SRB"]
[SourceTitle "CBM 199 Extra"]
[Source "ChessBase"]
[SourceDate "2021.01.31"]
[SourceVersion "1"]
[SourceVersionDate "2021.01.31"]
[SourceQuality "1"]

1. e4 c5 2. Nf3 d6 3. Bb5+ Bd7 4. Bxd7+ Qxd7 5. c4 Nf6 6. Nc3 Nc6 7. 0-0 g6 8. Nd5 Bg7 9. d3 0-0 10. h3 Nxd5 11. exd5 Nd4 12. Rb1 a5 13. Nxd4 cxd4 14. a4 e5 15. b4 f5 16. f3 Rfc8 17. Re1 Ra7 18. bxa5 Rxa5 19. Rb4 Rca8 20. Qb3 R8a7 21. f4 Rxa4 22. Rxa4 Rxa4 23. fxe5 Bxe5 24. Bh6 Ra5 25. Rb1 Ra7 26. Qb6 Ra3 27. Rb3 Rxb3 28. Qxb3 Qe7 29. c5 Bg3 30. Qd1 dxc5 31. Bd2 Qe5 32. Qf3 b5 33. d6 Qxd6 34. Bh6 Kf7 35. Qb7+ Qe7 36. Qd5+ Qe6 37. Qb7+ Qe7 38. Qd5+ Kf6 39. Qc6+ Bd6 40. Bf4 Ke6 41. Bxd6 Qxd6 42. Qxb5 Ke5 43. g3 Kf6 44. Kg2 h5 45. h4 f4 46. gxf4 Kf5 47. Qe8 Qe6 48. Qf8+ Kg4 49. Qxc5 Qe2+ 0-1

[Event "Belgrade Trophy 33rd"]
[Site "Belgrade"]
[Date "2019.11.26"]
[Round "3"]
[White "Velickovic, Sasa"]
[Black "Novakovic, Aleksej"]
[Result "1-0"]
[WhiteElo "2293"]
[BlackElo "1717"]
[PlyCount "89"]
[EventDate "2019.11.24"]
[EventType "swiss"]
[EventRounds "9"]
[EventCountry "SRB"]
[SourceTitle "CBM 193 Extra"]
[Source "ChessBase"]
[SourceDate "2020.01.31"]
[SourceVersion "1"]
[SourceVersionDate "2020.01.31"]
[SourceQuality "1"]

1. e4 c5 2. Nf3 d6 3. d4 cxd4 4. Nxd4 Nf6 5. Nc3 a6 6. a4 e6 7. g3 Bd7 8. Bg2 Nc6 9. 0-0 Be7 10. Nb3 Na5 11. Nxa5 Qxa5 12. Bf4 Qb4 13. Ra3 e5 14. Rb3 Qc4 15. Bg5 Bc6 16. Bxf6 gxf6 17. Qh5 b5 18. axb5 axb5 19. Nd1 Bxe4 20. Ne3 Qc6 21. Bxe4 Qxe4 22. Rxb5 Rg8 23. Qd1 Rc8 24. Nd5 Bd8 25. c3 f5 26. Rb4 Rc4 27. Qa4+ Kf8 28. Rxc4 Qxd5 29. Rc8 Ke7 30. Qa7+ Ke6 31. Qb8 Ke7 32. Qa8 Qb5 33. Rb8 Qc5 34. Qb7+ Kf6 35. Rc8 Qa5 36. b4 Qa2 37. Qd7 Bb6 38. Qxd6+ Kg7 39. Qxe5+ f6 40. Rxg8+ Qxg8 41. Qxf5 Qc4 42. Qf3 Bc7 43. Rd1 Be5 44. Rd7+ Kg6 45. Qd3+ 1-0

[Event "Belgrade-chT Quality"]
[Site "Belgrade"]
[Date "2018.09.22"]
[Round "6.6"]
[White "Novakovic, Aleksej"]
[Black "Kocic, Sasa"]
[Result "0-1"]
[WhiteElo "1786"]
[BlackElo "2202"]
[PlyCount "64"]
[EventDate "2018.09.17"]
[EventType "team-tourn"]
[EventRounds "11"]
[EventCountry "SRB"]
[SourceTitle "CBM 186 Extra"]
[Source "ChessBase"]
[SourceDate "2018.08.24"]
[SourceVersion "1"]
[SourceVersionDate "2018.08.24"]
[SourceQuality "1"]
[WhiteTeam "Belgrade Radnicki"]
[BlackTeam "Rudovci Radnicki"]
[WhiteTeamCountry "SRB"]
[BlackTeamCountry "SRB"]

1. e4 c5 2. Nf3 d6 3. d4 cxd4 4. Nxd4 Nf6 5. Nc3 a6 6. Bg5 Nbd7 7. Qd2 b5 8. a3 Bb7 9. f3 e6 10. Be2 h6 11. Bh4 Nxe4 12. Bxd8 Nxd2 13. Bh4 Nc4 14. Bxc4 bxc4 15. 0-0-0 g5 16. Bg3 d5 17. Rhe1 Nc5 18. h4 Be7 19. hxg5 hxg5 20. f4 gxf4 21. Bxf4 0-0-0 22. Nf3 f6 23. Be3 e5 24. Bf2 Bf8 25. Rh1 Rg8 26. Bh4 Rd6 27. Bf2 d4 28. Rh2 dxc3 29. bxc3 Rxd1+ 30. Kxd1 Rxg2 31. Rh8 Bxf3+ 32. Ke1 Ne6 0-1

[Event "Vevcani Lasker U20 op"]
[Site "Vevcani"]
[Date "2017.10.22"]
[Round "5"]
[White "Lusheski, Konstantin"]
[Black "Novakovic, Aleksej"]
[Result "0-1"]
[WhiteElo "1326"]
[BlackElo "1603"]
[PlyCount "98"]
[EventDate "2017.10.20"]
[EventType "swiss"]
[EventRounds "7"]
[EventCountry "MKD"]
[SourceTitle "CBM 181 Extra"]
[Source "ChessBase"]
[SourceDate "2017.12.12"]
[SourceVersion "1"]
[SourceVersionDate "2017.12.12"]
[SourceQuality "1"]

1. e4 c5 2. Nf3 d6 3. d4 cxd4 4. Nxd4 Nf6 5. Nc3 Nc6 6. Be3 e6 7. Be2 Be7 8. 0-0 0-0 9. h3 a6 10. a3 Nxd4 11. Bxd4 b5 12. Bf3 e5 13. Be3 Bb7 14. Qd2 Qa5 15. Nd5 Qd8 16. Bb6 Qd7 17. Nxf6+ Bxf6 18. Rfd1 Be7 19. c3 Qc6 20. Be3 Qc4 21. Qc2 f5 22. exf5 Bxf3 23. gxf3 Qf7 24. Qe4 Qxf5 25. Kg2 Rae8 26. Rd3 Rf6 27. Qxf5 Rxf5 28. a4 Rb8 29. axb5 axb5 30. Ra7 Rf7 31. b4 Bf8 32. Rxf7 Kxf7 33. f4 Ke6 34. fxe5 dxe5 35. f4 exf4 36. Bxf4 Ra8 37. Kg3 Ra3 38. Re3+ Kd5 39. Kf3 g6 40. Be5 Bxb4 41. cxb4 Rxe3+ 42. Kxe3 Kxe5 43. h4 h6 44. Kd3 g5 45. hxg5 hxg5 46. Ke3 Kd5 47. Kf3 Kc4 48. Kg4 Kxb4 49. Kxg5 Kc3 0-1

[Event "Ohrid Lasker U18 op"]
[Site "Ohrid"]
[Date "2016.10.10"]
[Round "5"]
[White "Novakovic, Aleksej"]
[Black "Eftovski, Mateo"]
[Result "1-0"]
[WhiteElo "1572"]
[BlackElo "1407"]
[PlyCount "127"]
[EventDate "2016.10.08"]
[EventType "swiss"]
[EventRounds "7"]
[EventCountry "MKD"]
[SourceTitle "CBM 175 Extra"]
[Source "ChessBase"]
[SourceDate "2016.12.12"]
[SourceVersion "1"]
[SourceVersionDate "2016.12.12"]
[SourceQuality "1"]

1. d4 d5 2. c4 c6 3. Nf3 Nf6 4. Nc3 Bf5 5. Nh4 Bg6 6. Nxg6 hxg6 7. h3 e6 8. Bg5 Bd6 9. e3 Nbd7 10. cxd5 cxd5 11. Qa4 0-0 12. Be2 a6 13. 0-0 b5 14. Qb3 Nb6 15. a4 Nc4 16. Bxc4 bxc4 17. Qc2 Be7 18. Bxf6 Bxf6 19. Rfb1 Qd6 20. b3 cxb3 21. Rxb3 Rab8 22. Rab1 Rxb3 23. Qxb3 Qc6 24. Ne2 Qc4 25. Qxc4 dxc4 26. Rb6 Rc8 27. Nc3 a5 28. Kf1 Be7 29. Ke2 Bb4 30. Kd2 Rc7 31. Rb8+ Kh7 32. Kc2 g5 33. Nb5 Rc6 34. Rb7 Kg6 35. Rc7 Rxc7 36. Nxc7 Be1 37. f3 Bf2 38. Kd2 c3+ 39. Kxc3 Bxe3 40. g4 Kf6 41. d5 Ke5 42. dxe6 fxe6 43. Kc4 Kf4 44. Nxe6+ Kxf3 45. Nxg7 Kg2 46. Kd3 Bf4 47. Ke4 Kxh3 48. Kf5 Bd2 49. Ne6 Kh4 50. Nf8 Kg3 51. Ng6 Kh3 52. Ne5 Bf4 53. Nf3 Kg3 54. Nxg5 Kf2 55. Kxf4 Ke2 56. Ne4 Kd3 57. g5 Kc4 58. g6 Kb4 59. g7 Kxa4 60. g8Q Kb4 61. Qb8+ Ka3 62. Nd2 a4 63. Nc4+ Ka2 64. Qb2# 1-0

[Event "Ohrid Lasker U18 op"]
[Site "Ohrid"]
[Date "2016.10.09"]
[Round "4"]
[White "Stoyanov, Plamen"]
[Black "Novakovic, Aleksej"]
[Result "0-1"]
[WhiteElo "1304"]
[BlackElo "1572"]
[PlyCount "54"]
[EventDate "2016.10.08"]
[EventType "swiss"]
[EventRounds "7"]
[EventCountry "MKD"]
[SourceTitle "CBM 175 Extra"]
[Source "ChessBase"]
[SourceDate "2016.12.12"]
[SourceVersion "1"]
[SourceVersionDate "2016.12.12"]
[SourceQuality "1"]

1. Nf3 Nf6 2. g3 g6 3. Bg2 Bg7 4. 0-0 0-0 5. d4 d6 6. c4 c5 7. dxc5 dxc5 8. Qxd8 Rxd8 9. Nc3 Nc6 10. e4 e6 11. Be3 b6 12. Rad1 Bb7 13. a3 Ng4 14. Rxd8+ Rxd8 15. Rd1 Bxc3 16. Rxd8+ Nxd8 17. bxc3 Nxe3 18. fxe3 Bxe4 19. Ne5 Bxg2 20. Kxg2 f6 21. Nf3 Nc6 22. Kf2 Kf7 23. Ke2 Ke7 24. h3 Kd6 25. g4 Ne5 26. Nd2 f5 27. gxf5 exf5 0-1

[Event "Ohrid Lasker U18 op"]
[Site "Ohrid"]
[Date "2016.10.08"]
[Round "2"]
[White "Nikolovski, Nikola Branko"]
[Black "Novakovic, Aleksej"]
[Result "0-1"]
[WhiteElo "2274"]
[BlackElo "1572"]
[PlyCount "72"]
[EventDate "2016.10.08"]
[EventType "swiss"]
[EventRounds "7"]
[EventCountry "MKD"]
[SourceTitle "CBM 175 Extra"]
[Source "ChessBase"]
[SourceDate "2016.12.12"]
[SourceVersion "1"]
[SourceVersionDate "2016.12.12"]
[SourceQuality "1"]

1. d4 Nf6 2. c4 c5 3. d5 b5 4. Nc3 b4 5. Na4 d6 6. Nf3 g6 7. Bf4 Qa5 8. e3 b3+ 9. Nc3 bxa2 10. Rxa2 Qb6 11. Be2 Bg7 12. 0-0 Nh5 13. Bg3 Nxg3 14. hxg3 Na6 15. Qd2 Nb4 16. Ra3 Bd7 17. Na2 Nxa2 18. Rxa2 0-0 19. e4 Rfb8 20. Rb1 Qb4 21. Qxb4 Rxb4 22. Bd3 a5 23. b3 Bc3 24. Re2 Rab8 25. Bc2 a4 26. e5 a3 27. Bd3 Rxb3 28. Rxb3 Rxb3 29. exd6 exd6 30. Nd2 Rb2 31. Bb1 Rxd2 32. Rxd2 Bxd2 33. Kf1 Bf5 34. Bxf5 gxf5 35. Ke2 a2 36. Kxd2 a1Q 0-1